La Mobilitat, un element del desenvolupament sostenible municipal : jornada 1 jornada 1
Descripción Física:
[40] f. : 30 cm
MARC
| LEADER | 00000nam a2200000Ia 4500 | ||
|---|---|---|---|
| 001 | 24255 | ||
| 003 | BGR | ||
| 005 | 20260324180616.0 | ||
| 008 | 160829s1996 xx 000 0 cat d | ||
| 080 | |a Bib-207 | ||
| 111 | |a Jornades Sobre Mobilitat i Qualitat Ambiental Municipal |9 71294 |c (Barcelona : |d 1996) | ||
| 245 | |a La Mobilitat, un element del desenvolupament sostenible municipal : |b jornada 1 | ||
| 260 | |a Barcelona : |b Diputació de Barcelona. Servei del Medi Ambient, |c 1996 | ||
| 300 | |a [40] f. : |b 30 cm | ||
| 590 | |a Dossier de les jornades, celebrades el 19 de juny de 1997 a l'Escola Industrial (Barcelona). | ||
| 590 | |a Text en castellà i català | ||
| 650 | 0 | |a Circulació urbana |v Congressos |9 49884 | |
| 650 | |a Transport |x Aspectes ambientals |x Congressos |9 49324 | ||
| 710 | 1 | |a Barcelona (Catalunya : Província). |b Servei de Medi Ambient |9 53475 | |
| 901 | |a Arxiu | ||
| 942 | |n 1 |2 udc |c JC | ||
| 952 | |0 0 |1 0 |4 0 |6 BIB207 |7 1 |9 55728 |a Arxiu |b Arxiu |d 2016-12-01 |l 0 |o Bib-207 |p 24255 |r 2016-12-01 00:00:00 |w 2016-12-01 |y ARXIU | ||
| 999 | |c 59601 |d 59601 | ||